000 00728nam a2200265Ia 4500
005 20260302114926.0
008 008 260114s9999 xx 000 0 eng d
020 _a9781683935285
037 _aTextbook
040 _aCRL
040 _beng
040 _cCRL
041 _2eng
041 _aeng
084 _qCRL
100 _aIsabelle Keller-Privat
_91120187
245 0 _aLawrence Durrell’s Poetry A Rift in the Fabric of the World
260 _bBloomsbury
260 _bFairleigh Dickinson University Press
260 _c2019
650 _aLiterary Studies
856 _uhttps://doi.org/10.5040/9781683935285?locatt=label:secondary_bloomsburyCollections
942 _cEBOOK
999 _c1684324
_d1684324